00298nam a2200121Ia 4500008004900000041000800049082001300057100001200070245003500082260003100117300002100148440000700169240112s1987 JUL-DEC xx 000 0 und d aeng a617.9603 aSITH G. aBRITISH JOURNAL OF ANAESTHESIA bB.M.A. HOUSEc1987 JUL-DEC a1664, HBc(7-12) v59